<?xml version="1.0" encoding="UTF-8"?><?xml-stylesheet type="text/xsl" href="static/style.xsl"?><OAI-PMH xmlns="http://www.openarchives.org/OAI/2.0/" xmlns:xsi="http://www.w3.org/2001/XMLSchema-instance" xsi:schemaLocation="http://www.openarchives.org/OAI/2.0/ http://www.openarchives.org/OAI/2.0/OAI-PMH.xsd"><responseDate>2026-04-28T19:32:59Z</responseDate><request verb="GetRecord" identifier="oai:uvadoc.uva.es:10324/73663" metadataPrefix="marc">https://uvadoc.uva.es/oai/request</request><GetRecord><record><header><identifier>oai:uvadoc.uva.es:10324/73663</identifier><datestamp>2025-01-10T14:40:59Z</datestamp><setSpec>com_10324_2555</setSpec><setSpec>col_10324_2560</setSpec></header><metadata><record xmlns="http://www.loc.gov/MARC21/slim" xmlns:doc="http://www.lyncode.com/xoai" xmlns:xsi="http://www.w3.org/2001/XMLSchema-instance" xmlns:dcterms="http://purl.org/dc/terms/" xsi:schemaLocation="http://www.loc.gov/MARC21/slim http://www.loc.gov/standards/marcxml/schema/MARC21slim.xsd">
<leader>00925njm 22002777a 4500</leader>
<datafield tag="042" ind1=" " ind2=" ">
<subfield code="a">dc</subfield>
</datafield>
<datafield tag="720" ind1=" " ind2=" ">
<subfield code="a">Jiménez Pérez, José María</subfield>
<subfield code="e">author</subfield>
</datafield>
<datafield tag="720" ind1=" " ind2=" ">
<subfield code="a">García Villanueva, Sara</subfield>
<subfield code="e">author</subfield>
</datafield>
<datafield tag="720" ind1=" " ind2=" ">
<subfield code="a">García Velasco, Leticia</subfield>
<subfield code="e">author</subfield>
</datafield>
<datafield tag="720" ind1=" " ind2=" ">
<subfield code="a">López Vallecillo, María</subfield>
<subfield code="e">author</subfield>
</datafield>
<datafield tag="720" ind1=" " ind2=" ">
<subfield code="a">Velasco Arribas, Raquel</subfield>
<subfield code="e">author</subfield>
</datafield>
<datafield tag="720" ind1=" " ind2=" ">
<subfield code="a">Diaz Rodriguez, Vanesa</subfield>
<subfield code="e">author</subfield>
</datafield>
<datafield tag="720" ind1=" " ind2=" ">
<subfield code="a">Pastor Lebrero, María</subfield>
<subfield code="e">author</subfield>
</datafield>
<datafield tag="720" ind1=" " ind2=" ">
<subfield code="a">Correa Fernández, Ana María</subfield>
<subfield code="e">author</subfield>
</datafield>
<datafield tag="720" ind1=" " ind2=" ">
<subfield code="a">Pino Sánchez, Noelia María</subfield>
<subfield code="e">author</subfield>
</datafield>
<datafield tag="720" ind1=" " ind2=" ">
<subfield code="a">Feijoo Rodil, Nerea</subfield>
<subfield code="e">author</subfield>
</datafield>
<datafield tag="720" ind1=" " ind2=" ">
<subfield code="a">Casado Pérez, Elena</subfield>
<subfield code="e">author</subfield>
</datafield>
<datafield tag="720" ind1=" " ind2=" ">
<subfield code="a">Albertos Muñoz, Irene</subfield>
<subfield code="e">author</subfield>
</datafield>
<datafield tag="720" ind1=" " ind2=" ">
<subfield code="a">Vaquero Gajate, Carmen</subfield>
<subfield code="e">author</subfield>
</datafield>
<datafield tag="720" ind1=" " ind2=" ">
<subfield code="a">Alonso Rafael, Susana</subfield>
<subfield code="e">author</subfield>
</datafield>
<datafield tag="720" ind1=" " ind2=" ">
<subfield code="a">Cao Torija, María José</subfield>
<subfield code="e">author</subfield>
</datafield>
<datafield tag="720" ind1=" " ind2=" ">
<subfield code="a">Castro Alija, María José</subfield>
<subfield code="e">author</subfield>
</datafield>
<datafield tag="260" ind1=" " ind2=" ">
<subfield code="c">2025</subfield>
</datafield>
<datafield tag="520" ind1=" " ind2=" ">
<subfield code="a">La integración de estudiantes internacionales que cursan programas de movilidad, como Erasmus+, es fundamental para la internacionalización del Grado en Enfermería de la Facultad de Enfermería de Valladolid. Estos estudiantes enfrentan el reto de adaptarse a un nuevo sistema de salud y un entorno desconocido, lo que puede causarles estrés y ansiedad. Para ayudarles, se propone traducir "píldoras de conocimiento" al inglés, facilitando la comprensión de los objetivos de cada rotación y los cuidados que brindan las enfermeras.&#xd;
&#xd;
El proyecto tiene como objetivo principal desarrollar e implementar píldoras de conocimiento en inglés para las asignaturas de prácticum I, II y III del grado de enfermería en la Universidad de Valladolid.&#xd;
Estas píldoras, que comenzaron a elaborarse en el curso académico 2021-2022, en el marco del presente proyecto de innovación docente, son recursos audiovisuales que presentan diversas unidades del Hospital Clínico Universitario de Valladolid y consultas de atención primaria, con el fin de preparar a los estudiantes para sus prácticas clínicas. Al proporcionar información sobre la estructura de los centros, los procedimientos habituales y la evaluación de las rotaciones, se busca reducir la incertidumbre y aumentar la seguridad de los alumnos extranjeros durante su formación.&#xd;
Además, se pretende fomentar un ambiente inclusivo que potencie la confianza y competencia profesional de estos estudiantes. Se evaluará la satisfacción y los niveles de ansiedad de los alumnos que participan en programas de movilidad en comparación con aquellos que no lo hacen. Finalmente, se planea difundir los resultados del estudio en revistas científicas, contribuyendo al conocimiento sobre la experiencia de los estudiantes internacionales en el ámbito de la enfermería.</subfield>
</datafield>
<datafield tag="024" ind2=" " ind1="8">
<subfield code="a">https://uvadoc.uva.es/handle/10324/73663</subfield>
</datafield>
<datafield tag="245" ind1="0" ind2="0">
<subfield code="a">Plan de acogida al alumnado de la Facultad de Enfermería en las prácticas clínicas en Atención Primaria</subfield>
</datafield>
</record></metadata></record></GetRecord></OAI-PMH>